000 01216naa a22003017a 4500
001 BR8601711
003 BR-BrBNA
005 20240918175646.0
007 ta
008 230509b bl.||||| |||| 00| 0 por d
040 _aBR-BrBNA
_bpor
_cBiblioteca Nacional de Agricultura
041 _a(Pt)
072 _aK10; F01
_b/GZ15
090 _aK10 BR8601711
100 1 _aArkcoll, D.B.
111 1 _a2. Encontro Brasileiro de Agricultura Alternativa
_cRio de Janeiro, RJ (Brazil)
_d1985
245 1 _aProducao de alimentos nas florestas do tropico umido [fruta-pao, jaca, banana, sagu, pupunha]
246 1 _a[Food production in the humid tropic forests]
246 1 _a[Annals of the 2. Brazilian Meeting of Alternative Agriculture]
260 3 _aRio de Janeiro, RJ (Brasil):
_c1985.
500 _aAnais do 2. Encontro Brasileiro de Agricultura Alternativa Rio de Janeiro, RJ (Brasil): 1985. p. 221-224 (BR8601711-AM)K10
650 _aARVORE FLORESTAL
650 _aFRUTA TROPICAL
650 _aAMAZONAS
773 0 _tAnais do 2. Encontro Brasileiro de Agricultura Alternativa
_wK10 BR8601711
_gRio de Janeiro, RJ (Brasil), 1985. p. 221-224
909 _a202404
_bLucia
_c55
_dLucia Elande
942 _cAM
_2AGRIS
999 _c317648
_d317648